Former Nations/States - Part 2: Egypt, Libya and Sudan - Statistics

General Stats
  • This quiz has been taken 9 times
    8 since last reset
  • The average score is 8 of 44
Answer Stats
Answer % Correct
Nubia
71%
Tripolitanian Republic
71%
Kingdom of Kush
57%
Mamluk Beylicate
57%
Mamluk Sultanate
57%
Ptolemaic Empire
57%
Cyrenaica
43%
Fatimid Caliphate
43%
Fezzan Sultanate
29%
Hyksos
29%
Mahdist State
29%
Middle Kingdom of Egypt
29%
New Kingdom of Egypt
29%
Old Kingdom of Egypt
29%
Sultanate of Darfur
29%
United Arab Republic
29%
Alodia
14%
Ikhshidid
14%
Makuria
14%
Sultanate of Sennar
14%
Taqali
14%
Ayyubid Dynasty
0%
Banu Kanz
0%
Banu Khattab
0%
Banu Khazrun
0%
Banu Talis
0%
Banu Thabit
0%
Beja Kingdoms
0%
Blemmyes
0%
Daju Kingdom
0%
Early Dynastic Egypt
0%
Egypt Eyalet
0%
Emirate of Cyrenaica
0%
Heliopolis
0%
Kingdom of al-Abwab
0%
Kingdom of Fazughli
0%
Late Period of Egypt
0%
Libu
0%
Nekhen
0%
Nobatia
0%
Shilluk Kingdom
0%
Sultanate of Mit Ghamr
0%
Tulunids
0%
Tunjur Kingdom
0%
No matching quizzes found
Score Distribution
Percent of People with Each Score
Percentile by Number Answered
Your Score History
You have not taken this quiz since the last reset